Riconosci la Squadra di calcio - Quiz n°129 - Statistics

Statistiche generali
  • Questo quiz è stato fatto 15 volte
  • Il punteggio medio è 10 su 14
Statistiche sulle risposte
Indizio Risposta % Corretto
Colori sociali Bianco, rosso
100%
Titoli nazionali 1 campionato di Serie B
93%
Simboli Grifone
93%
Divisione nazionale 2023-2024 Terza
86%
Fondazione 1905
79%
Trofei nazionali 1 Coppe Italia Serie D
1 Supercoppa di 1ª Divisione
1 Supercoppa di 2ª Divisione
79%
Rifondazione 1940
64%
Trofei internazionali 1 Coppa Intertoto UEFA 1 Coppa d'Estate
64%
Rifondazione 2005
64%
Rifondazione 2010
64%
Capienza Stadio 23 625 posti
64%
Confederazione UEFA
64%
Scioglimento 1939
57%
Squadra Perugia
43%
Nessun quiz corrispondente trovato
Distribuzione punteggi
Percentuale di utenti per punteggio
Percentile per numero di risposta
I tuoi punteggi nel tempo
Non hai fatto questo quiz